Statistics for County towns of England (with map)

Click here to take the quiz!

General Stats

  • This quiz has been taken 5,443 times
    (2,223 since last reset)
  • The average score is 25 of 47

Answer Stats

County County Town % Correct
CambridgeshireCambridge
78%
Greater ManchesterManchester
76%
County of BristolBristol
75%
MerseysideLiverpool
75%
NorfolkNorwich
74%
LincolnshireLincoln
73%
Greater LondonLondon (Southwark)
73%
BedfordshireBedford
71%
OxfordshireOxford
71%
Tyne & WearNewcastle
69%
County DurhamDurham
69%
NottinghamshireNottingham
68%
GloucestershireGloucester
67%
CornwallTruro
67%
LeicestershireLeicester
67%
CheshireChester
67%
DevonExeter
66%
HerefordshireHereford
63%
West MidlandsBirmingham
62%
LancashireLancaster
62%
SuffolkIpswich
61%
NorthamptonshireNorthampton
60%
CumbriaCarlisle
59%
BerkshireReading
58%
WorcestershireWorcester
57%
WarwickshireWarwick
55%
StaffordshireStafford
53%
HertfordshireHertford
51%
ShropshireShrewsbury
45%
SomersetTaunton
44%
DorsetDorchester
43%
HampshireWinchester
43%
EssexChelmsford
43%
KentMaidstone
41%
SurreyGuildford
37%
BuckinghamshireAylesbury
34%
East SussexLewes
34%
West SussexChichester
31%
Isle of WightNewport
31%
RutlandOakham
29%
East Riding of YorkshireBeverley
28%
West YorkshireWakefield
27%
NorthumberlandMorpeth
27%
DerbyshireMatlock
26%
North YorkshireNorthallerton
24%
WiltshireTrowbridge
23%
South YorkshireBarnsley
22%

Score Distribution

Percentile by Number Answered

Percent of People with Each Score

Your Score History

You have not taken this quiz since the last reset